ا د ب ا طفا ل (Record no. 94234)

MARC details
000 -LEADER
fixed length control field 00687nam a22002177a 4500
005 - DATE AND TIME OF LATEST TRANSACTION
control field 20150612111923.0
008 - FIXED-LENGTH DATA ELEMENTS--GENERAL INFORMATION
fixed length control field 140714b xxu||||| |||| 00| 0 Urdu d
010 ## - LCCN (DPL NO)
LC control number UR-9052
020 ## - INTERNATIONAL STANDARD BOOK NUMBER
Terms of availability 200.00
International Standard Book Number 9789350735275
035 ## - SYSTEM CONTROL NUMBER
System control number U-7607
037 ## - SOURCE OF ACQUISITION
Source of stock number/acquisition DBAD
040 ## - CATALOGING SOURCE
Original cataloging agency DPL
Language of cataloging Urdu
082 ## - DEWEY DECIMAL CLASSIFICATION NUMBER
Classification number 840
100 ## - MAIN ENTRY--PERSONAL NAME
Personal name با نو سر تا ج
245 ## - TITLE STATEMENT
Title ا د ب ا طفا ل
Statement of responsibility, etc با نو سر تا ج
246 #h - VARYING FORM OF TITLE
Title proper/short title Adab-e- Itfal: Ek Mutalea
Remainder of title By Dr. Jafer Raza
260 ## - PUBLICATION, DISTRIBUTION, ETC. (IMPRINT)
Name of publisher, distributor, etc Educational Publishing House
Date of publication, distribution, etc 2015
Place of publication, distribution, etc Delhi
270 ## - ADDRESS
Address 3191,Vaki Street,Kucha Pandit,Lal Kuan
City Delhi
Telephone number 23216162
Postal code 110006
300 ## - PHYSICAL DESCRIPTION
Extent 196ص
Dimensions 22Cm (Hb)
942 ## - ADDED ENTRY ELEMENTS (KOHA)
Source of classification or shelving scheme Dewey Decimal Classification
Item type Urdu Bks
Edition
Classification part 840
Call number suffix ب ا ن
Holdings
Withdrawn status Lost status Source of classification or shelving scheme Damaged status Not for loan Collection code Home library Current library Date acquired Source of acquisition Cost, normal purchase price Total Checkouts Full call number Barcode Date last seen Copy number Cost, replacement price Koha item type
    Dewey Decimal Classification   Not For Loan Non-fiction D.B.Act.Division D.B.Act.Division 12/06/2015 DBAD/Pub. 200.00   840 ب ا ن U-7607 12/06/2015 1 200.00 Urdu Bks

© Delhi Public Library
Hit Counter
free hit counter